000 00664nam a22002172 4500
001 0000009176
005 20151217152050.0
008 080910s xx 000 0 eng d
020 _a0787957410 :
_cKES 4880
040 _aKABU
_cKABU
245 1 0 _aCareer choice and development /
_cedited by Duane Brown and associates.
250 _a4th ed.
260 _aSan Francisco, CA :
_bJossey-Bass,
_c2002.
300 _axxii, 534 p.
650 0 _aCareer development.
_@0000139411
650 0 _aVocational guidance.
_@0000157388
700 1 _aBrown, Duane.
_@0000160253
908 _a080910
950 _@1
999 _c7812
_d7812